Statistics for Country Word Search #10

Click here to take the quiz!

General Stats

  • This quiz has been taken 5,274 times
    (4,687 since last reset)
  • The average score is 10 of 11

Answers on the Map

Answers color-coded by a green-red scale on the quiz's map according to % correct below.
 

Answer Stats

Answer% Correct
Lebanon
100%
Italy
99%
Nepal
97%
Belize
95%
Mali
95%
Nauru
93%
Senegal
93%
Chile
91%
Liberia
86%
Yemen
79%
Armenia
71%

Score Distribution

Percentile by Number Answered

Percent of People with Each Score

Your Score History

You have not taken this quiz since the last reset